South East Asia iron and steel institute
Enregistré dans:
| Format: | Livre |
|---|---|
| Langue: | Undetermined |
| Publié: |
Tokyo
Annual General Meeting
1974
|
| Sujets: | |
| Tags: |
Ajouter un tag
Pas de tags, Soyez le premier à ajouter un tag!
|
| Thư viện lưu trữ: | Trung tâm Học liệu Trường Đại học Cần Thơ |
|---|
| LEADER | 00436nam a2200169Ia 4500 | ||
|---|---|---|---|
| 001 | CTU_99605 | ||
| 008 | 210402s9999 xx 000 0 und d | ||
| 082 | |a 672.05 | ||
| 082 | |b S726 | ||
| 245 | 0 | |a South East Asia iron and steel institute | |
| 260 | |a Tokyo | ||
| 260 | |b Annual General Meeting | ||
| 260 | |c 1974 | ||
| 650 | |a Steel | ||
| 650 | |x Institute | ||
| 904 | |i Truc | ||
| 980 | |a Trung tâm Học liệu Trường Đại học Cần Thơ | ||